Things That Go UP & Down Quiz Stats

 Plays Quiz Updated Jun 15, 2018

Challenge
Share
Tweet
Score 0/92 Timer 09:00
2 Plays Today
Things that go UP & down Full Word % Correct
a bouncing b_ _lball
92.3%
a boa_, in a canal lockboat
90.7%
your b_ _o_ pressureblood
89.8%
c_ _s, chased by a dog onto a treecats
89%
a ballet dancer's f_e_feet
88.4%
a ca_ _ _n ballcannon
86.9%
f_ _ _ _ _ wheels, at a carnivalferris
84.8%
ar_h_s, in Roman architecturearches
83.9%
_ _ _ _ and JillJack
83.8%
c_ _ _ _, when determining 'heads or tails'coins
82.9%
han_s, in order to be 'called on' in classhands
82.7%
buc_e_s, in a wellbuckets
82.4%
a nodding _e_dhead
81%
typewriter k_ _skeys
80.9%
springboard d_ _ersdivers
80.7%
theater c_r_ainscurtains
80.4%
a student's _ _a_es in schoolgrades
80%
bicycle p_ _ _lspedals
79.9%
mountain _li_ _ersclimbers
79.7%
a _ _ _ _ _ _ coaster, at the amusement parkroller
79.7%
the st_ _k marketstock
79.5%
the hil_ _ of San Franciscohills
78.9%
a ba_o_, when it is not being twirledbaton
78.6%
nu_ _ers, in many Sesame Street songsnumbers
78.4%
p_ice_, at the supermarketprices
78.3%
_ly balls, in baseballfly
78%
he_i_o_ _ers, to and from landing padshelicopters
77.7%
l_ _es, on a chart or graphlines
77.7%
pogo _ _ _ _ _ _sticks
77.4%
the rising & setting _ _ _sun
77.2%
airplane l_n_i_ _ gearlanding
76.8%
Things that go UP & down Full Word % Correct
shrugged s_ou_ _ersshoulders
76%
d_aw_ _id_es, over a moatdrawbridges
75.5%
e_e_a_o_s, in tall buildingselevators
75.4%
downhill s_iersskiers
75.4%
p_n_t_ipes, on suits and uniformspinstripes
75.2%
g_p_ers, poking out of their holesgophers
75.2%
j_ _ _, while eatingjaws
74.6%
pi_ _ons in an enginepistons
74.2%
a s_e_ _w, at a playgroundseesaw
73.4%
chattering t_ _ _hteeth
73.4%
st_ir_, in a two-story dwellingstairs
72.8%
le_s, of the Rocketteslegs
72.2%
a_ _s, during jumping jacksarms
71.7%
bulletin board no_i_esnotices
71.6%
a tv show's r_tin_sratings
71.2%
g_y_er spewgeyser
70.7%
a power an_e_ _a, on a carantenna
69.8%
wi_g_ on a birdwings
69.5%
extension lad_e_sladders
69.5%
a winking e_eli_eyelid
69.2%
a patient's t_m_e_a_u_etemperature
69.1%
_ _ _ _ _ _oos and bunnieskangaroos
68.9%
z_ _pe_s on a jacketzippers
68.6%
your wei_h_ weight
67.7%
f_unt_in waterfountain
67.7%
p_un_ers, when things are cloggedplungers
67.6%
the v_lu_e of your stereovolume
67.2%
_ _ _ _ _ _ _, in a thermometermercury
67.1%
Ti_ _er, in the Hundred Acre WoodTigger
66.9%
skirt h_m_i_es, in women's fashionhemlines
66.8%
_oo_ _a_ _ teams, moving on the fieldfootball
66%
Things that go UP & down Full Word % Correct
a t_ _th_ _ush, twice-a-daytoothbrush
65.5%
c_i_ shots in golfchip
64.9%
_s_a_a_o_s, in some large storesescalators
63.6%
piano ha_ _ers, striking stringshammers
62.3%
e_eb_ _ws, during surprise then disappointmenteyebrows
61.9%
u_b_e_ _as, on a stormy dayumbrellas
61.4%
_oi_ _ _ seats, if men remembertoilet
61%
a runner's k_ _ _ _knees
60.2%
_in_o_s, on a car doorwindows
60.1%
your heart _ _ _ _rate
59.8%
a tra_p_l_nist, in the gymtrampolinist
58.5%
te_ _is lobstennis
58.3%
a carousel _ _ _ _ _horse
57.9%
s_b_ari_es, at seasubmarines
57.3%
_en_ti_n blindsvenetian
57.3%
p_um_ linesplumb
56.9%
convertible _o_s, on autostops
56.4%
musical _c_ _esscales
54.7%
t_u_bs, determining a gladiator's fatethumbs
54.2%
ja_ _ha_ _er bitsjackhammer
53.9%
a d_ _ _h_ _ _ _, during breathingdiaphragm
53%
airplane wing s_oi_ersspoilers
51%
a _ _ge, when scrollingpage
50.9%
a tapping f_ _ge_finger
50.8%
s_in_s, played on in some backyardsswings
49.9%
US _la_s, at 'reveille' and 'retreat'flags
49.2%
batted e_el_ _h_seyelashes
48.6%
a _ _-_ _ on a stringyo-yo
48.5%
c_rr_ _c_ valuescurrency
46.5%
stee_le_acks, scaling tall structuressteeplejacks
38.8%

You're not logged in!

Compare scores with friends on all Sporcle quizzes.
OR
Log In

You Might Also Like...

Show Comments

Extras

Top Quizzes Today


Score Distribution

Your Account Isn't Verified!

In order to create a playlist on Sporcle, you need to verify the email address you used during registration. Go to your Sporcle Settings to finish the process.

Report this User

Report this user for behavior that violates our Community Guidelines.

Details: